MARC details
| 000 -LEADER |
| fixed length control field |
01923cam a2200469 a 4500 |
| 001 - CONTROL NUMBER |
| control field |
15230348 |
| 005 - DATE AND TIME OF LATEST TRANSACTION |
| control field |
20080409133449.0 |
| 008 - FIXED-LENGTH DATA ELEMENTS--GENERAL INFORMATION |
| fixed length control field |
080324s2007 enk b 101 0 eng c |
| 010 ## - LIBRARY OF CONGRESS CONTROL NUMBER |
| LC control number |
2008272664 |
| 015 ## - NATIONAL BIBLIOGRAPHY NUMBER |
| National bibliography number |
GBA6A6052 |
| Source |
bnb |
| 016 7# - NATIONAL BIBLIOGRAPHIC AGENCY CONTROL NUMBER |
| Record control number |
013629393 |
| Source |
Uk |
| 020 ## - INTERNATIONAL STANDARD BOOK NUMBER |
| International Standard Book Number |
9780521860116 (cased) |
| 020 ## - INTERNATIONAL STANDARD BOOK NUMBER |
| International Standard Book Number |
9780521677516 (pbk.) |
| 020 ## - INTERNATIONAL STANDARD BOOK NUMBER |
| International Standard Book Number |
0521677513 (pbk.) |
| 035 ## - SYSTEM CONTROL NUMBER |
| System control number |
(OCoLC)ocm77256949 |
| 040 ## - CATALOGING SOURCE |
| Original cataloging agency |
UKM |
| Transcribing agency |
UKM |
| Modifying agency |
BAKER |
| -- |
BTCTA |
| -- |
BWKUK |
| -- |
YDXCP |
| -- |
NDD |
| -- |
NLGGC |
| -- |
IXA |
| -- |
DLC |
| 042 ## - AUTHENTICATION CODE |
| Authentication code |
ukblsr |
| -- |
pcc |
| 043 ## - GEOGRAPHIC AREA CODE |
| Geographic area code |
e------ |
| 050 00 - LIBRARY OF CONGRESS CALL NUMBER |
| Classification number |
BP65.A1 |
| Item number |
I86 2007 |
| 082 ## - DEWEY DECIMAL CLASSIFICATION NUMBER |
| Edition number |
22 |
| Classification number |
297.094 |
| Item number |
ISL |
| 084 ## - OTHER CLASSIFICATION NUMBER |
| Classification number |
11.80 |
| Source of number |
bcl |
| 245 00 - TITLE STATEMENT |
| Title |
Islam in Europe : |
| Remainder of title |
Diversity, identity and influence / |
| Statement of responsibility, etc |
Edited by Aziz al-Azmeh and Effie Fokas. |
| 260 ## - PUBLICATION, DISTRIBUTION, ETC. (IMPRINT) |
| Place of publication, distribution, etc |
Cambridge : |
| Name of publisher, distributor, etc |
Cambridge University Press, |
| Date of publication, distribution, etc |
c2007. |
| 300 ## - PHYSICAL DESCRIPTION |
| Extent |
xi, 223 p. ; |
| Dimensions |
24 cm. |
| 504 ## - BIBLIOGRAPHY, ETC. NOTE |
| Bibliography, etc |
Includes bibliographical references and index. |
| 650 #0 - SUBJECT ADDED ENTRY--TOPICAL TERM |
| Topical term or geographic name as entry element |
Islam |
| Geographic subdivision |
Europe. |
| 9 (RLIN) |
5004 |
| 650 #0 - SUBJECT ADDED ENTRY--TOPICAL TERM |
| Topical term or geographic name as entry element |
Islam |
| Geographic subdivision |
European Union countries. |
| 9 (RLIN) |
5005 |
| 650 #0 - SUBJECT ADDED ENTRY--TOPICAL TERM |
| Topical term or geographic name as entry element |
Muslims |
| Geographic subdivision |
Europe. |
| 9 (RLIN) |
5006 |
| 650 #0 - SUBJECT ADDED ENTRY--TOPICAL TERM |
| Topical term or geographic name as entry element |
Muslims |
| Geographic subdivision |
European Union countries. |
| 9 (RLIN) |
5007 |
| 650 17 - SUBJECT ADDED ENTRY--TOPICAL TERM |
| Topical term or geographic name as entry element |
Islamieten. |
| Source of heading or term |
gtt |
| 9 (RLIN) |
5008 |
| 650 17 - SUBJECT ADDED ENTRY--TOPICAL TERM |
| Topical term or geographic name as entry element |
Identiteit. |
| Source of heading or term |
gtt |
| 9 (RLIN) |
5009 |
| 650 17 - SUBJECT ADDED ENTRY--TOPICAL TERM |
| Topical term or geographic name as entry element |
Diversiteit. |
| Source of heading or term |
gtt |
| 9 (RLIN) |
5010 |
| 651 #7 - SUBJECT ADDED ENTRY--GEOGRAPHIC NAME |
| Geographic name |
Europa (geografie) |
| Source of heading or term |
gtt |
| 9 (RLIN) |
5011 |
| 700 1# - ADDED ENTRY--PERSONAL NAME |
| Personal name |
Al- Azmeh, Aziz. |
| 9 (RLIN) |
5012 |
| 700 1# - ADDED ENTRY--PERSONAL NAME |
| Personal name |
Fokas, Effie. |
| 9 (RLIN) |
5013 |
| 856 42 - ELECTRONIC LOCATION AND ACCESS |
| Materials specified |
Contributor biographical information |
| Uniform Resource Identifier |
<a href="http://www.loc.gov/catdir/enhancements/fy0827/2008272664-b.html">http://www.loc.gov/catdir/enhancements/fy0827/2008272664-b.html</a> |
| 856 42 - ELECTRONIC LOCATION AND ACCESS |
| Materials specified |
Publisher description |
| Uniform Resource Identifier |
<a href="http://www.loc.gov/catdir/enhancements/fy0827/2008272664-d.html">http://www.loc.gov/catdir/enhancements/fy0827/2008272664-d.html</a> |
| 856 41 - ELECTRONIC LOCATION AND ACCESS |
| Materials specified |
Table of contents only |
| Uniform Resource Identifier |
<a href="http://www.loc.gov/catdir/enhancements/fy0827/2008272664-t.html">http://www.loc.gov/catdir/enhancements/fy0827/2008272664-t.html</a> |
| 942 ## - ADDED ENTRY ELEMENTS (KOHA) |
| Source of classification or shelving scheme |
Dewey Decimal Classification |
| Item type |
Book - Borrowing |